000 00637nam a2200193Ia 4500
003 GCL
008 140319s9999 xx 000 0 ara d
040 _aGCL /
_cGCL
082 0 4 _aق
_b962.16
_bن م
100 1 _aنيللى حنا
245 1 0 _aمصر أم الدنيا: قصة القاهرة فى 1300 عام /
_cنيللى حنا
300 _a82 ص
490 _aسلسلة المدن العربية
_v0
650 0 4 _aالاثار الاسلامية
650 0 4 _aالقاهرة الاسلامية
650 0 4 _aالقاهرة - تاريخ
650 0 4 _aالقاهرة - تاريخ - العصر الحديث
942 _2ddc
_cBK
999 _c50286
_d50286